00481 a2200169 4500001000700000020002200007040003500029100001300064240002800077245002300105362000900128440001900137697002500156942000700181952010400188999001900292157546 a978-85-209-1992-7 cEscola São Tomás de Aquino aChen, Da10aA montanha e o riolpor10aA montanha e o rio0 a2007 1aNova Fronteira aLiteratura americana cBK 00104070a12.22b12.22d2024-04-30l0o810 MONpEST00012558r2024-04-30 22:15:01w2024-04-30yBK c157546d157546